000 00536nam a2200193Ia 4500
999 _c1516
_d1516
003 OSt
005 20200922113518.0
008 190216s9999||||xx |||||||||||||| ||und||
020 _a9788121908801
040 _coclc
082 _a585
_bVAS/B
100 _aVashishta, P C
_94771
245 0 _aBotany For Degree Students:
_bGymnosperms /
_cP C Vashishta
250 _aVol.5
260 _bS Chand & Company,
_c2004.
_aNew Delhi:
300 _a500p
650 _aBotany
942 _cBK
_2ddc
_h585
_iVAS/B
_k585
_mVAS/B